01710nam a2200301 a 4500001001000000005001700010008004100027041000800068044000700076084002000083100004500103245010800148260003500256300002200291500013400313500013800447500042500585500003001010500001001040546002301050650005201073650005601125650003401181650004501215700005201260700004601312740005001358BRCA_299120190320204047.0160109s1865----dk-#---###---#000-0#dan-u adan adk a314b.W63c18651 aCervantes Saavedra, Miguel ded1547-161610aDen sindriige Adelsmand Don Quixote of la ManchascLevnet og Bedrivter Af Miguel de Cervantes Saavedra. aKjobenhaunbFr. Woldikesc1865 a2 v.bil.c20 cm. aContiene : v 1. Primera parte. Prólogo del autor. Versos preliminares. Texto. -- v 2. Segunda parte. Prólogo del autor. Texto aEdición : Oversat af Charlotta Dorothea Biehl. Anden Udgave, reivideret af F. L. Liebenberg. Med Billeder af Professor W. Marstrand aSegunda edición de la traducción danesa de Carlotta Dorothea Biehl, revisada por F. L. Liebenberg, e ilustrada con 21 láminas del Prof. W. Marstrand, litografiadas a dos tintas. Está irreprochablemente impresa en caracteres góticos y en buen papel. Las láminas son malas, tanto por la composición de las escenas como por la indumentaria de los personajes. Tela; lomos decorados con dorados Lúdovik Osterc aCon ex-libris de : Escudo aQM594 aTexto en : danés14aNovela españolayÉpoca clásica, 1500-170014aLiteratura españolayÉpoca clásica, 1500-170014aNovela españolaySiglo XVII14aDon Quijote (Personaje ficticio)eNovela1 aBiehl, Charlotta Dorothead1731-1788eTraductor1 aMarstrand, Wilhelmd1810-1873eIlustrador0 aEl Ingenioso Hidalgo Don Quijote de la Mancha